000 00480nam a2200169Ia 4500
008 220216s9999 xx 000 0 und d
100 _aWoo Chang-Su
245 0 _aDesign of mechanical testing specimens for rubber material using finite element analysis
260 _bRubber India
_c2010
300 _a21-40
650 _aEqui-biaxal tension
650 _aPure shear test
650 _aSimple compression
650 _aSimple tension
700 _aKim Wan-Doo
942 _cJS
999 _c56826
_d56826